000 00497nam a22001937a 4500
005 20260514130342.0
008 260514b |||||||| |||| 00| 0 eng d
020 _a9789353163303
_c1010.00
040 _aMAIN
041 _aEnglish
082 _a005.82
_bKAH
100 _aKahate, Atul
_92904
245 _aCryptography And Network Security
250 _a4th
260 _aDelhi
_bMcGraw-Hill Education
_c2022
300 _a834
650 _aComputer Science (PM (USHA)
_926808
942 _cBK
999 _c60799
_d60799